000 00484nam a2200181Ia 4500
001 58013
008 140507s9999 xx 000 0 und d
020 _a9781848857230
040 _cPK-LaUMT
082 _a 954.0357
_bLLO-A
100 _alloyd, Nick
245 4 _aThe Amritsar massacre
_bthe untold story of one fateful day
_clloyd, Nick
260 _aLondon,UK:
_bI. B. Tauris Publishers,
_c2012
300 _a264 p.
546 _aEN
650 _aAmritsar Massacre
942 _cBK
999 _c55279
_d55279